000
00299nam a2200121Ia 4500
008
230627s9999 xx 000 0 und d
041
_a
eng
082
_a
342
_b
JOS
100
_a
Joshi.K.C
245
_a
Principal Of Administrative Law
260
_b
Bharat Law House Pvt. Ltd.
_c
1979
300
_a
214p
999
_c
681217
_d
681217